[Event "MetroWest CC Independence op"]
[Site "Natick"]
[Date "2003.??.??"]
[Round "1"]
[White "Ruthramoorthy, Navaneetha"]
[Black "Girnius, Tomas"]
[Result "1-0"]
[WhiteElo "1800"]
[BlackElo "2000"]
[PlyCount "71"]
[EventDate "2003.??.??"]
[EventType "swiss"]
[EventRounds "3"]
[EventCountry "USA"]
[SourceTitle "EXT 2007"]
[Source "ChessBase"]
[SourceDate "2006.11.23"]
[SourceVersion "1"]
[SourceVersionDate "2006.11.23"]
[SourceQuality "1"]

1. e4 e6 2. d4 d5 3. exd5 exd5 4. Nf3 Bd6 5. c4 Qe7+ 6. Be2 dxc4 7. 0-0 Nf6 8. Re1 0-0 9. Bxc4 Qd8 10. Bg5 Bg4 11. Nbd2 Nc6 12. Qc2 h6 13. Bh4 Be7 14. a3 Bxf3 15. Nxf3 Nxd4 16. Nxd4 Qxd4 17. Rxe7 Qxh4 18. Rxc7 b6 19. Re1 Ne8 20. Rd7 Nf6 21. Rde7 Qh5 22. h3 Rae8 23. Qb3 Rxe7 24. Rxe7 Ne8 25. Bxf7+ Rxf7 26. Rxe8+ Kh7 27. Qd3+ g6 28. Qd4 Rg7 29. Qd8 Rf7 30. Rh8+ Kg7 31. Qd4+ Rf6 32. Rd8 Qf5 33. Rd7+ Kh8 34. Rxa7 Qb1+ 35. Kh2 Qf5 36. Rf7 1-0

[Event "New England op 62nd"]
[Site "Marlboro"]
[Date "2002.08.30"]
[Round "1"]
[White "Cherniack, Alex"]
[Black "Girnius, Tomas"]
[Result "1-0"]
[WhiteElo "2286"]
[BlackElo "1974"]
[PlyCount "107"]
[EventDate "2002.08.??"]
[EventType "swiss"]
[EventRounds "6"]
[EventCountry "USA"]
[SourceTitle "EXT 2005"]
[Source "ChessBase"]
[SourceDate "2004.11.15"]
[SourceVersion "1"]
[SourceVersionDate "2004.11.15"]
[SourceQuality "1"]

1. d4 f5 2. h3 d5 3. Nf3 Nf6 4. Bf4 e6 5. Nbd2 Bd6 6. Ne5 0-0 7. Ndf3 c5 8. e3 Qb6 9. Be2 Ne4 10. 0-0 Nc6 11. Nxc6 bxc6 12. Bxd6 Nxd6 13. dxc5 Qxc5 14. Qd4 Qxd4 15. exd4 Rb8 16. b3 Rb6 17. Rfe1 Nf7 18. c3 Re8 19. Bd3 Kf8 20. Re3 g6 21. b4 Ba6 22. Bxa6 Rxa6 23. a4 Rb6 24. Rae1 a5 25. bxa5 Ra6 26. Rxe6 Rxe6 27. Rxe6 Nd8 28. Re1 Rxa5 29. Ra1 Ra6 30. Ne5 Nb7 31. Nd3 Ra5 32. Rb1 Nd6 33. Nc5 Ne4 34. Rb8+ Kf7 35. Rb7+ Kg8 36. Nxe4 fxe4 37. Rc7 Ra6 38. Kh2 Kh8 39. Kg3 Kg8 40. Kf4 Rxa4 41. Rxc6 Ra7 42. Ke5 Rf7 43. Kxd5 Rxf2 44. Kxe4 Rxg2 45. Kf3 Rd2 46. Rc7 Rd3+ 47. Kg4 h5+ 48. Kg5 Rg3+ 49. Kf6 h4 50. d5 Rxh3 51. d6 Rd3 52. d7 Rd6+ 53. Kg5 h3 54. Rc8+ 1-0

[Event "Pillsbury Memorial"]
[Site "Natick"]
[Date "2001.12.09"]
[Round "4"]
[White "Curdo, John"]
[Black "Girnius, Tomas"]
[Result "1-0"]
[WhiteElo "2219"]
[BlackElo "2085"]
[PlyCount "59"]
[EventDate "2001.12.??"]
[EventType "swiss"]
[EventRounds "4"]
[EventCountry "USA"]
[SourceTitle "EXT 2005"]
[Source "ChessBase"]
[SourceDate "2004.11.15"]
[SourceVersion "1"]
[SourceVersionDate "2004.11.15"]
[SourceQuality "1"]

1. e4 e6 2. d4 d5 3. Nc3 dxe4 4. Nxe4 Be7 5. Nf3 Nf6 6. Bd3 Nbd7 7. Qe2 b6 8. Nxf6+ Nxf6 9. Bg5 Bb7 10. 0-0-0 Nd5 11. Bd2 Nf6 12. Bb5+ c6 13. Bd3 0-0 14. c3 Qc7 15. Bg5 c5 16. dxc5 Qxc5 17. Ne5 Rac8 18. Bc2 Rcd8 19. f4 g6 20. Bxf6 Bxf6 21. Nd7 Qe7 22. Nxf8 Rxf8 23. Rd2 Rc8 24. Kb1 Qc7 25. Rf1 Bd5 26. g3 Qb7 27. Re1 b5 28. Be4 b4 29. c4 Rxc4 30. Qxc4 1-0